Normal view
MARC view
- القرار الاداري -- قوانين وتشريعات
Entry Topical Term
001 - CONTROL NUMBER
- control field: 44400
003 - CONTROL NUMBER IDENTIFIER
- control field: JO-AjAnu
005 - DATE AND TIME OF LATEST TRANSACTION
- control field: 20230606081343.0
008 - FIXED-LENGTH DATA ELEMENTS
- fixed length control field: 230606|| aca||aabn | a|a d
040 ## - CATALOGING SOURCE
- Original cataloging agency: JO-AjAnu
- Transcribing agency: JO-AjAnu
150 ## - HEADING--TOPICAL TERM
- Topical term or geographic name entry element: القرار الاداري -- قوانين وتشريعات
670 ## - SOURCE DATA FOUND
- Source citation: Work cat.: (JO-AjAnu)22736: أبو سمهدانة، عبد الناصر عبدالله, author 44399, القرار الإداري في النظرية والتطبيق : دراسة تحليلية في ضوء أحدث التعديلات التشريعية وآراء الفقه